Channel catfish farming handbook

Đã lưu trong:
書目詳細資料
主要作者: Tucker, Craig S.
格式: 圖書
語言:Undetermined
出版: New York Chapman & Hall/International Thomson Publishing 1991
主題:
標簽: 添加標簽
沒有標簽, 成為第一個標記此記錄!
Thư viện lưu trữ: Trung tâm Học liệu Trường Đại học Cần Thơ
LEADER 00548nam a2200181Ia 4500
001 CTU_38801
008 210402s9999 xx 000 0 und d
082 |a 639.3752 
082 |b T891/1991 
100 |a Tucker, Craig S. 
245 0 |a Channel catfish farming handbook 
245 0 |c Craig S. Tucker and Edwin H. Robinson 
260 |a New York 
260 |b Chapman & Hall/International Thomson Publishing 
260 |c 1991 
650 |a Channel catfish,Fish-culture 
904 |i Giang 
980 |a Trung tâm Học liệu Trường Đại học Cần Thơ